000 00861nam a2200289Ia 4500
005 20260324132718.0
008 008 260324s9999 xx 000 0 eng d
020 _a9780429068300
037 _aEBOOK
040 _aCRL
040 _beng
040 _cCRL
041 _2eng
041 _aeng
084 _qCRL
100 _aW. Ehlers; E. Ramm; H.J. Hermann; P.A. Vermeer
_91190333
245 0 _aModelling of Cohesive-Frictional Materials
245 0 _bProceedings of Second International Symposium on Continuous and Discontinuous Modelling of Cohesive-Frictional Materials (CDM 2004), held in Stuttgart 27-28 Sept. 2004
260 _bTaylor and Francis
260 _c2004
365 _a
365 _b370
856 _uhttp://www.taylorfrancis.com/books/9780429068300
942 _cEBOOK
999 _c1788668
_d1788668